[Event "AUTO-INT-1202"]
[Site "http://www.queenalice.com/game.php?id=539545"]
[Date "2009.2.13"]
[Round "1"]
[White "Mustis"]
[Black "Henri_AnArquiA_"]
[Result "0-1"]
[WhiteElo "1399"]
[BlackElo "1686"]

1. e4 e5 2. Nf3 d6 3. Bc4 Be7 4. O-O Bg4 5. h3 Bxf3 6. Qxf3 Nf6 7. c3 O-O 8. d4
Nc6 9. d5 Na5 10. Bd3 c5 11. c4 b6 12. Bg5 Nd7 13. Bd2 Nb7 14. Nc3 a6 15. a3 Bg5
16. Bxg5 Qxg5 17. b4 Qf6 18. Qg3 Qg6 19. Qxg6 fxg6 20. Ne2 Nf6 21. f4 Nd7 22.
Rab1 a5 23. b5 exf4 24. Nxf4 Nd8 25. a4 Ne5 26. Rbd1 Ra7 27. Rd2 Raf7 28. Rdf2
g5 29. Ne6 Rxf2 30. Nxf8 Rxf1+ 31. Bxf1 Kxf8 32. g4 g6 33. Kf2 h5 34. gxh5 gxh5
35. Kg3 h4+ 36. Kf2 Kg7 37. Be2 Kf6 38. Ke3 Ng6 39. Bg4 Ne5 40. Be2 Ng6 41. Kf3
Ke5 42. Ke3 Nf4 43. Bg4 Nf7 44. Bd7 Ng2+ 0-1

[Event "AUTO-INT-1209"]
[Site "http://www.queenalice.com/game.php?id=542374"]
[Date "2009.2.18"]
[Round "1"]
[White "Mustis"]
[Black "jumping"]
[Result "0-1"]
[WhiteElo "1649"]
[BlackElo "1616"]

1. e4 e5 2. Nf3 Nc6 3. Bb5 d6 4. d4 a6 5. Ba4 b5 6. Bb3 Bg4 7. c3 Nf6 8. Bg5 Be7
9. Qd3 Bxf3 10. Qxf3 exd4 11. Bxf6 Bxf6 12. O-O O-O 13. Bd5 Na5 14. Bxa8 Qxa8
15. Re1 c5 16. cxd4 Bxd4 17. Nc3 b4 18. Nd1 Nc4 19. Rc1 Nd2 20. Qd3 Nxe4 21.
Qxe4 Qxe4 22. Rxe4 d5 23. Re5 Bxe5 24. Rxc5 Rd8 25. b3 f6 26. g3 d4 27. f4 Bd6
28. Rd5 Bc7 29. Rxd8+ Bxd8 30. Nf2 Bb6 31. Kf1 Kf7 32. Nd3 a5 33. Ke2 Ke6 34.
Kf3 Kf5 0-1

[Event "AUTO-INT-1209"]
[Site "http://www.queenalice.com/game.php?id=542375"]
[Date "2009.2.18"]
[Round "1"]
[White "jumping"]
[Black "Mustis"]
[Result "0-1"]
[WhiteElo "1637"]
[BlackElo "1720"]

1. e4 e5 2. Nf3 Nc6 3. Bb5 Bc5 4. Bxc6 dxc6 5. Nxe5 Qd4 6. Nd3 Qxe4+ 7. Qe2
Qxe2+ 8. Kxe2 Bb6 9. Re1 Be6 10. Kf1 Nf6 11. Nf4 Kd7 12. b4 Rhe8 13. Bb2 Ke7 14.
Nc3 Rad8 15. Ne4 Nxe4 16. Rxe4 Kf8 17. Nh5 g6 18. Nf6 Re7 19. Nxh7+ Kg8 20. Nf6+
Kf8 21. d3 Bd5 22. Rxe7 Kxe7 23. Re1+ Be6 24. a4 a5 25. b5 cxb5 26. axb5 Bd4 27.
Bxd4 Rxd4 28. Ng8+ Kd6 29. g3 Kc5 30. Re5+ Kb4 31. Rc5 Kxc5 0-1

[Event "AUTO-INT-1209"]
[Site "http://www.queenalice.com/game.php?id=542376"]
[Date "2009.2.18"]
[Round "1"]
[White "Mustis"]
[Black "andre2006"]
[Result "0-1"]
[WhiteElo "1447"]
[BlackElo "1379"]

1. e4 c5 2. Nf3 d6 3. d4 cxd4 4. Nxd4 e5 5. Nb3 f5 6. exf5 Bxf5 7. Nc3 Nf6 8.
Bd3 e4 9. Bc4 Nc6 10. O-O Be7 11. Nd5 Nxd5 12. Qxd5 Qd7 13. Qf7+ Kd8 14. Qxg7
Rf8 15. Bg5 Bxg5 16. Qxf8+ Qe8 0-1

[Event "AUTO-INT-1209"]
[Site "http://www.queenalice.com/game.php?id=542377"]
[Date "2009.2.18"]
[Round "1"]
[White "andre2006"]
[Black "Mustis"]
[Result "1-0"]
[WhiteElo "1348"]
[BlackElo "1468"]

1. d4 d5 2. e3 Nf6 3. c4 b6 4. Nf3 e6 5. Bd3 c5 6. Nc3 Nc6 7. O-O cxd4 8. exd4
Ba6 9. cxd5 Bxd3 10. Qxd3 Nxd5 11. Nxd5 Qxd5 12. Re1 Bc5 13. Be3 O-O 14. Rad1
Be7 15. Nd2 1-0

[Event "AUTO-INT-1209"]
[Site "http://www.queenalice.com/game.php?id=542378"]
[Date "2009.2.18"]
[Round "1"]
[White "Mustis"]
[Black "koshnarek"]
[Result "0-1"]
[WhiteElo "1508"]
[BlackElo "1618"]

1. e4 e5 2. Nf3 Nc6 3. Bb5 Qf6 4. O-O Nd4 5. Nxd4 exd4 6. c3 dxc3 7. Nxc3 c6 8.
e5 Qxe5 9. Re1 d6 10. Rxe5+ dxe5 11. Bc4 Nh6 12. d4 Bd6 13. dxe5 Bxe5 14. Qe2 f6
15. f4 Bg4 16. Qe1 b5 17. fxe5 bxc4 18. exf6+ Kf7 19. fxg7 Rhe8 20. Qg3 Kxg7 21.
Bxh6+ Kxh6 22. Qxg4 Rad8 0-1

[Event "AUTO-INT-1209"]
[Site "http://www.queenalice.com/game.php?id=542379"]
[Date "2009.2.18"]
[Round "1"]
[White "koshnarek"]
[Black "Mustis"]
[Result "1-0"]
[WhiteElo "1605"]
[BlackElo "1521"]

1. e4 e5 2. Nc3 d6 3. Qf3 Nf6 4. Nd5 Nxd5 5. exd5 Be7 6. Bb5+ Bd7 7. Bxd7+ Nxd7
8. Ne2 O-O 9. d3 f5 10. O-O f4 11. b4 a6 12. c4 b6 13. a4 Nf6 14. g4 h6 15. b5
axb5 16. cxb5 Qc8 17. d4 Nxg4 18. dxe5 dxe5 19. h3 Nf6 20. Nc3 Bb4 21. Bd2 Bxc3
22. Bxc3 Qf5 23. Bb4 1-0

[Event "AUTO-INT-1216"]
[Site "http://www.queenalice.com/game.php?id=545404"]
[Date "2009.2.23"]
[Round "1"]
[White "Chessdorf"]
[Black "Mustis"]
[Result "1-0"]
[WhiteElo "1658"]
[BlackElo "1357"]

1. d4 Nf6 2. c4 e6 3. Nf3 d5 4. Bg5 Be7 5. e3 O-O 6. Nbd2 c5 7. cxd5 Qxd5 8. Bc4
Qc6 9. O-O cxd4 10. Nxd4 Qc5 11. Bh4 1-0

[Event "AUTO-INT-1216"]
[Site "http://www.queenalice.com/game.php?id=545405"]
[Date "2009.2.23"]
[Round "1"]
[White "Mustis"]
[Black "Chessdorf"]
[Result "0-1"]
[WhiteElo "1353"]
[BlackElo "1662"]

1. e4 e6 2. d4 d5 3. e5 c5 4. c3 Nc6 5. Nf3 Bd7 6. Be3 Qb6 7. Qc2 O-O-O 8. Nbd2
f6 9. Be2 fxe5 10. dxe5 Nge7 0-1

[Event "AUTO-ADV-1231"]
[Site "http://www.queenalice.com/game.php?id=545563"]
[Date "2009.2.24"]
[Round "1"]
[White "jotat"]
[Black "Mustis"]
[Result "1-0"]
[WhiteElo "2009"]
[BlackElo "1744"]

1. e4 e5 2. Nf3 Nc6 3. Bc4 Bc5 4. b4 Bb6 5. O-O Nf6 6. b5 Na5 7. Nxe5 O-O 8. Bb2
Nxe4 9. Bxf7+ Rxf7 10. Nxf7 Kxf7 11. Qh5+ Kg8 12. Qd5+ Kh8 13. Qxe4 d6 14. Nc3
c6 15. Na4 Bd7 16. Nxb6 Qxb6 17. Qe7 1-0

[Event "AUTO-ADV-1231"]
[Site "http://www.queenalice.com/game.php?id=545564"]
[Date "2009.2.24"]
[Round "1"]
[White "Mustis"]
[Black "jotat"]
[Result "0-1"]
[WhiteElo "1689"]
[BlackElo "2103"]

1. e4 e6 2. d4 d5 3. e5 c5 4. c3 Nc6 5. Be3 cxd4 6. cxd4 Bb4+ 7. Nc3 f6 8. f4
fxe5 9. fxe5 Qh4+ 10. Bf2 Qe4+ 11. Qe2 Nge7 12. Qxe4 dxe4 13. Bb5 Nf5 14. Ne2 e3
15. Bg1 O-O 16. Bxc6 bxc6 17. O-O-O c5 18. d5 exd5 19. Nxd5 Bd2+ 20. Kb1 Bb7 0-1

[Event "AUTO-ADV-1231"]
[Site "http://www.queenalice.com/game.php?id=545577"]
[Date "2009.2.24"]
[Round "1"]
[White "FOS2006"]
[Black "Mustis"]
[Result "1-0"]
[WhiteElo "1845"]
[BlackElo "1304"]

1. e4 e5 2. Nf3 Nc6 3. Bb5 a6 4. Bxc6 dxc6 5. Nxe5 Qd4 6. Nf3 Qxe4+ 7. Kf1 Nf6
8. d3 Qd5 9. Bf4 Bd6 10. Nc3 Qf5 11. Bxd6 cxd6 12. Qd2 Be6 13. Ng5 O-O 14. Nxe6
fxe6 15. Re1 1-0

[Event "AUTO-ADV-1231"]
[Site "http://www.queenalice.com/game.php?id=545578"]
[Date "2009.2.24"]
[Round "1"]
[White "Mustis"]
[Black "FOS2006"]
[Result "0-1"]
[WhiteElo "1302"]
[BlackElo "1847"]

1. e4 e5 2. Nf3 d6 3. Bc4 Qe7 4. Nc3 Be6 5. Bxe6 Qxe6 6. Nd5 Qd7 7. O-O c6 8.
Nc3 Be7 9. d4 Bf6 10. Be3 Ne7 11. a3 O-O 12. d5 cxd5 13. Nxd5 Nxd5 14. Qxd5 Nc6
0-1